Facilities management outsourcing in the UK (Record no. 75034)

MARC details
000 -LEADER
fixed length control field 01408cab a2200193 4500
001 - CONTROL NUMBER
control field L129265
008 - FIXED-LENGTH DATA ELEMENTS--GENERAL INFORMATION
fixed length control field 050405n2005 000 0 eng u
035 ## - SYSTEM CONTROL NUMBER
System control number (Sirsi) u129265
041 ## - LANGUAGE CODE
Language code of text/sound track or separate title eng
100 ## - MAIN ENTRY--PERSONAL NAME
Personal name Reid-Thomas, Duncan
245 ## - TITLE STATEMENT
Title Facilities management outsourcing in the UK
Remainder of title avoiding elephant traps in the legal jungle
260 ## - PUBLICATION, DISTRIBUTION, ETC.
Date of publication, distribution, etc. 2005
490 ## - SERIES STATEMENT
Series statement Journal of Facilities Management
Volume/sequential designation 3(3) 254-272(18)
520 ## - SUMMARY, ETC.
Summary, etc. The UK has, in recent years, seen considerable growth of Facilities Management (FM) outsourcing across a range of industries. This paper considers the legal problems and risks inherent in FM sourcing. It also suggests ways to facilitate the transactional negotiating process and discusses the methods by which business and legal risks can be fairly apportioned between the user and the provider, how to ensure good contract management and, importantly, managing risks on contract termination and exit. The paper is relevant to both users and providers in terms of best negotiating practice and risk management. From a legal perspective, both the UK and the European Union are more highly regulated than the US and Canadian markets. This paper focuses on UK and European issues. Cross-border legal issues are also considered. [Taken from journal abstract].
590 ## - LOCAL NOTE (RLIN)
Local note IKA150405
690 ## - LOCAL SUBJECT ADDED ENTRY--TOPICAL TERM (OCLC, RLIN)
Topical term or geographic name as entry element MANAGEMENT-FACILITIES MANAGEMENT
700 ## - ADDED ENTRY--PERSONAL NAME
Personal name Phillips, Richard
942 ## - ADDED ENTRY ELEMENTS (KOHA)
Suppress in OPAC 0
Holdings
Withdrawn status Lost status Source of classification or shelving scheme Damaged status Not for loan Home library Current library Shelving location Date acquired Total Checkouts Full call number Barcode Date last seen Copy number Price effective from Koha item type
    Dewey Decimal Classification     London London Journal article 05/04/2005   L129265 129265-1001 06/08/2019 1 06/08/2019 Journal article